Vista normal Vista MARC

Entrada Topical Term

Número de registros utilizados en: 1

001 - CONTROL NUMBER

  • control field: 9957

003 - CONTROL NUMBER IDENTIFIER

  • control field: OSt

005 - DATE AND TIME OF LATEST TRANSACTION

  • control field: 20200908131943.0

008 - FIXED-LENGTH DATA ELEMENTS

  • fixed length control field: 200908|| aca||aabn | a|a d

040 ## - CATALOGING SOURCE

  • Original cataloging agency: OSt
  • Transcribing agency: OSt

150 ## - HEADING--TOPICAL TERM

  • Topical term or geographic name entry element: Educación Superior
  • General subdivision: Aspectos sociales
  • Geographic subdivision: Colombia

670 ## - SOURCE DATA FOUND

  • Source citation: Work cat.: (OSt)6019: Mejía Gutiérrez, Jaime, autor 9956, La universidad en los procesos de construcción de nación y en la educación en asuntos públicos /, 2009.